Applied numerial methods

Sparad:
Bibliografiska uppgifter
Huvudupphovsman: Chapra, Steven C.
Materialtyp: Bok
Språk:Undetermined
Publicerad: New York McGraw-Hill 2005
Ämnen:
Taggar: Lägg till en tagg
Inga taggar, Lägg till första taggen!
Thư viện lưu trữ: Trung tâm Học liệu Trường Đại học Cần Thơ
LEADER 00537nam a2200205Ia 4500
001 CTU_74616
008 210402s9999 xx 000 0 und d
020 |b 384000 
082 |a 620.00151 
082 |b C467 
100 |a Chapra, Steven C. 
245 0 |a Applied numerial methods 
245 0 |c Steven C. Chapra 
260 |a New York 
260 |b McGraw-Hill 
260 |c 2005 
650 |a Engineering mathematics,Matlab 
650 |x Data processing 
904 |i Năm 
980 |a Trung tâm Học liệu Trường Đại học Cần Thơ